00810cam a22002291 450000100060000000300080000600500170001400800390003103500190007004000330008904100080012208200220013010000430015224500690019526000510026430000350031550400290035065000310037994200120041099900170042295201410043934235BD-RjUL20211209052127.0140514s1964 enk 000 0 eng  a(BD-RjUL)34329 aDLCcODaWUdUkdBD-RjULbeng aeng a301.15bMCS 19651 aMcGrath, Joseph Edward,d1927-910153400aSocial psychology :ba brief introduction /c Joseph E. McGrath. aNew York :bHolt, Rinehart and Winston ;c1964 aix, 166 p. :billus. ;c23 cm. aIncludes bibliographies. 0aSocial psychology.9104058 2ddccBK c34235d34235 00102ddc40718NFICaRUCLbRUCLcReadingd1965-03-24eZeitlingerg24.00l0o301.15 MCS 1965r2014-05-14 00:00:00tC-1w2014-05-14yBK